Diseño de videojuegos: Da forma a tus sueños.
Salvato in:
| Autore principale: | |
|---|---|
| Altri autori: | |
| Natura: | Libro |
| Pubblicazione: |
Madrid, España:
Ra-Ma,
2015.
|
| Edizione: | 2a. edición. |
| Soggetti: | |
| Accesso online: | Disponible Online |
| Tags: |
Aggiungi Tag
Nessun Tag, puoi essere il primo ad aggiungerne!!
|
MARC
| LEADER | 00000nam a22000007a 4500 | ||
|---|---|---|---|
| 003 | CL-VaPUC | ||
| 005 | 20250416103939.0 | ||
| 008 | 250313t2015 ||||| |||| 00| 0 eng d | ||
| 999 | |c 447318 |d 447316 | ||
| 020 | |a 978-84-9964-548-3 | ||
| 020 | |a 9788499644837 |q (electronic bk.) | ||
| 040 | |c Pontificia Universidad Católica de Valparaíso | ||
| 082 | |a 794.8 GON 2015 | ||
| 100 | |9 896780 |a González Jiménez, Daniel |e autor | ||
| 245 | |a Diseño de videojuegos: |b Da forma a tus sueños. | ||
| 250 | |a 2a. edición. | ||
| 260 | |a Madrid, España: |b Ra-Ma, |c 2015. | ||
| 300 | |a 175 páginas: |b ilustraciones. | ||
| 300 | |a 1 online resource (175 pages) | ||
| 500 | |a c.1.-c.2. e-book Instituto Arcos.08-01-2025. | ||
| 583 | |c 20250313 |k Gabriela Rodríguez Cuevas | ||
| 650 | 0 | |9 858730 |a Videojuegos |x Diseño | |
| 700 | |9 896781 |a Villacañas, Javier |e prólogo | ||
| 856 | 4 | 0 | |u https://pucv.idm.oclc.org/login?url=https://search.ebscohost.com/login.aspx?direct=true&scope=site&db=nlebk&db=nlabk&AN=2498210 |y Disponible Online |3 EBSCOhost |
| 942 | |2 ddc |c BK |n 0 | ||
| 952 | |0 0 |1 0 |2 ddc |4 0 |6 794_800000000000000_GON_2015 |7 0 |8 A |9 601193 |a BIBINC |b BIBINC |d 2025-03-13 |e Instituto Arcos |i 5666074 |o 794.8 GON 2015 |p 5666074 |r 2025-03-13 |t 1 |w 2025-03-13 |y BK |k IFP | ||
| 952 | |0 0 |1 0 |2 ddc |4 0 |6 794_800000000000000_GON_2015 |7 0 |8 A |9 601634 |a BIBINC |b BIBINC |d 2025-03-20 |e Instituto Arcos |i 5666479 |o 794.8 GON 2015 |p 5666479 |r 2025-03-20 |t 2 |w 2025-03-13 |y BK |k IFP | ||
| 952 | |0 0 |1 0 |2 ddc |4 0 |6 794_800000000000000_GON_2015 |7 5 |8 A |9 602509 |a BIBINC |b BIBINC |c ONLINE |d 2025-04-16 |e Instituto Arcos |i 447318 |o 794.8 GON 2015 |p 447318 |r 2025-04-16 |w 2025-04-16 |y EBK |k IFP | ||